| 000 | 00000cam 2200000zi 4500 |
| 001 | 9.955505 |
| 003 | CaOODSP |
| 005 | 20260605143636 |
| 006 | m o d f |
| 007 | cr |n||||||||| |
| 008 | 250918t20252025onc o f|0| 0 fre d |
| 020 | |a9780660790411 |
| 040 | |aCaOODSP|bfre|erda|cCaOODSP |
| 043 | |an-cn--- |
| 086 | 1 |aBT53-33/2025F-PDF |
| 245 | 00|aPolitique sur la planification et la gestion des investissements. |
| 264 | 1|a[Ottawa] : |bSecrétariat du Conseil du trésor du Canada = Treasury Board of Canada Secretariat, |c2025. |
| 264 | 4|c©2025 |
| 300 | |a1 ressource en ligne (51 pages non numérotées) |
| 336 | |atexte|btxt|2rdacontent/fre |
| 337 | |ainformatique|bc|2rdamedia/fre |
| 338 | |aressource en ligne|bcr|2rdacarrier/fre |
| 500 | |aPublié aussi en anglais sous le titre : Policy on the planning and management of investments. |
| 500 | |aLe n° de catalogue (BT53-33/2019F-PDF) et le n° ISBN (978-0-660-31061-9) d’une édition précédente sont imprimés dans cette édition. |
| 500 | |a« Publié : le 2025-10-02. » |
| 650 | 6|aInvestissements|xPolitique gouvernementale|zCanada. |
| 710 | 1 |aCanada. |bConseil du trésor, |eorganisme de publication. |
| 775 | 08|tPolicy on the planning and management of investments.|w(CaOODSP)9.955503 |
| 856 | 40|qPDF|s508 Ko|uhttps://publications.gc.ca/collections/collection_2026/sct-tbs/BT53-33-2025-fra.pdf |
| 856 | 4 |qHTML|sS.O.|uhttps://www.tbs-sct.canada.ca/pol/doc-fra.aspx?id=32593 |